Audio/video protocol handbook : (Record no. 60743)

000 -LEADER
fixed length control field 01830cam a22003975a 4500
001 - CONTROL NUMBER
control field 12867699
003 - CONTROL NUMBER IDENTIFIER
control field NUST-PNEC
005 - DATE AND TIME OF LATEST TRANSACTION
control field 20170116180706.0
008 - FIXED-LENGTH DATA ELEMENTS--GENERAL INFORMATION
fixed length control field 020724s2002 enka b 001 0 eng c
010 ## - LIBRARY OF CONGRESS CONTROL NUMBER
LC control number 2002510209
015 ## - NATIONAL BIBLIOGRAPHY NUMBER
National bibliography number GBA2-Z0648
020 ## - INTERNATIONAL STANDARD BOOK NUMBER
International Standard Book Number 0071396438
035 ## - SYSTEM CONTROL NUMBER
System control number (OCoLC)ocm48931938
040 ## - CATALOGING SOURCE
Transcribing agency PNEC
042 ## - AUTHENTICATION CODE
Authentication code pcc
050 00 - LIBRARY OF CONGRESS CALL NUMBER
Classification number TK6642
Item number .A93 2002
082 00 - DEWEY DECIMAL CLASSIFICATION NUMBER
Classification number 621.3897 WHI
100 ## - MAIN ENTRY--PERSONAL NAME
9 (RLIN) 360
Personal name Whitaker, Jerry C.
245 00 - TITLE STATEMENT
Title Audio/video protocol handbook :
Remainder of title broadcast standards and reference data /
Statement of responsibility, etc. Jerry C. Whitaker, editor.
260 ## - PUBLICATION, DISTRIBUTION, ETC.
Place of publication, distribution, etc. New York :
Name of publisher, distributor, etc. McGraw-Hill,
Date of publication, distribution, etc. c2002.
300 ## - PHYSICAL DESCRIPTION
Extent xix, 589 p. :
Other physical details ill. ;
Dimensions 24 cm. +
440 #0 - SERIES STATEMENT/ADDED ENTRY--TITLE
Title McGraw-Hill video/audio professional
500 ## - GENERAL NOTE
General note Includes Index http://www.amazon.com/Audio-Video-Protocol-Handbook-Whitaker/dp/0071396438/ref=sr_1_1?s=books&ie=UTF8&qid=1411619925&sr=1-1&keywords=0071396438
504 ## - BIBLIOGRAPHY, ETC. NOTE
Bibliography, etc. note Includes bibliographical references and index.
650 #0 - SUBJECT ADDED ENTRY--TOPICAL TERM
Topical term or geographic name entry element Television
General subdivision Transmitters and transmission
Form subdivision Handbooks, manuals, etc.
650 #0 - SUBJECT ADDED ENTRY--TOPICAL TERM
Topical term or geographic name entry element Radio
General subdivision EE, EL
Form subdivision Handbooks, manuals, etc.
650 #0 - SUBJECT ADDED ENTRY--TOPICAL TERM
Topical term or geographic name entry element Digital video
General subdivision Standards
Geographic subdivision United States
Form subdivision Handbooks, manuals, etc.
650 #0 - SUBJECT ADDED ENTRY--TOPICAL TERM
Topical term or geographic name entry element Sound
General subdivision Recording and reproducing
-- Standards
Geographic subdivision United States
Form subdivision Handbooks, manuals, etc.
700 1# - ADDED ENTRY--PERSONAL NAME
Personal name Whitaker, Jerry C.
856 42 - ELECTRONIC LOCATION AND ACCESS
Materials specified Contributor biographical information
Uniform Resource Identifier <a href="http://www.loc.gov/catdir/bios/mh041/2002510209.html">http://www.loc.gov/catdir/bios/mh041/2002510209.html</a>
856 42 - ELECTRONIC LOCATION AND ACCESS
Materials specified Publisher description
Uniform Resource Identifier <a href="http://www.loc.gov/catdir/description/mh024/2002510209.html">http://www.loc.gov/catdir/description/mh024/2002510209.html</a>
856 41 - ELECTRONIC LOCATION AND ACCESS
Materials specified Table of contents
Uniform Resource Identifier <a href="http://www.loc.gov/catdir/toc/mh023/2002510209.html">http://www.loc.gov/catdir/toc/mh023/2002510209.html</a>
906 ## - LOCAL DATA ELEMENT F, LDF (RLIN)
a 7
b cbc
c pccadap
d 2
e ncip
f 20
g y-gencatlg
942 ## - ADDED ENTRY ELEMENTS (KOHA)
Source of classification or shelving scheme
Koha item type Book
Holdings
Withdrawn status Lost status Source of classification or shelving scheme Damaged status Not for loan Permanent Location Current Location Shelving location Date acquired Source of acquisition Cost, normal purchase price Total Checkouts Full call number Barcode Date last seen Cost, replacement price Price effective from Koha item type
          Pakistan Navy Engineering College (PNEC) Pakistan Navy Engineering College (PNEC) Reference 05/13/2013 Paramount Publisher 8710.00   621.3897 WHI PNECLIB-025917 09/25/2014 8710.00 05/13/2013 Book
© 2023 Central Library, National University of Sciences and Technology. All Rights Reserved.